Commercial and industrial floorspace statistics 1974-85 (Record no. 105280)
[ view plain ]
| 000 -LEADER | |
|---|---|
| fixed length control field | 00846cam a2200193 4500 |
| 001 - CONTROL NUMBER | |
| control field | ##L132915 |
| 008 - FIXED-LENGTH DATA ELEMENTS--GENERAL INFORMATION | |
| fixed length control field | 060322n2006 000 0 eng u |
| 035 ## - SYSTEM CONTROL NUMBER | |
| System control number | (Sirsi) u132915 |
| 041 0# - LANGUAGE CODE | |
| Language code of text/sound track or separate title | eng |
| 050 04 - LIBRARY OF CONGRESS CALL NUMBER | |
| Classification number | 333.337 $2 18 |
| 110 2# - MAIN ENTRY--CORPORATE NAME | |
| Corporate name or jurisdiction name as entry element | Office of the Deputy Prime Minister |
| 9 (RLIN) | 4685 |
| 245 00 - TITLE STATEMENT | |
| Title | Commercial and industrial floorspace statistics 1974-85 |
| 260 ## - PUBLICATION, DISTRIBUTION, ETC. | |
| Place of publication, distribution, etc. | London |
| Name of publisher, distributor, etc. | ODPM |
| Date of publication, distribution, etc. | 2006 |
| 520 ## - SUMMARY, ETC. | |
| Summary, etc. | Shows how floorspace statistics have been developed since 1974. Included are comparisons of the estimated commercial and industrial floorspace statistics from 1974-85 with recent data. |
| 590 ## - LOCAL NOTE (RLIN) | |
| Local note | IKA280306 |
| 690 ## - LOCAL SUBJECT ADDED ENTRY--TOPICAL TERM (OCLC, RLIN) | |
| Topical term or geographic name as entry element | PROPERTY-COMMERCIAL PROPERTY-COMMERCIAL PROPERTY TAXATION |
| 856 ## - ELECTRONIC LOCATION AND ACCESS | |
| Uniform Resource Identifier | <a href="https://www.communities.gov.uk/documents/planningandbuilding/pdf/143897.pdf">https://www.communities.gov.uk/documents/planningandbuilding/pdf/143897.pdf</a> |
| Public note | view the item free of charge at www.communities.gov.uk |
| 942 ## - ADDED ENTRY ELEMENTS (KOHA) | |
| Suppress in OPAC | 0 |
| Withdrawn status | Lost status | Source of classification or shelving scheme | Damaged status | Not for loan | Home library | Current library | Shelving location | Date acquired | Total Checkouts | Full call number | Barcode | Date last seen | Copy number | Price effective from | Koha item type |
|---|---|---|---|---|---|---|---|---|---|---|---|---|---|---|---|
| Dewey Decimal Classification | Virtual | Virtual | Online | 22/03/2006 | ONLINE PUBLICATION | 132915-1001 | 06/08/2019 | 1 | 06/08/2019 | Book |